Regions and Autonomous Republics of Georgia Map Quiz - Statistics

General Stats
  • This quiz has been taken 503 times
  • The average score is 5 of 12
Answers on the Map
Answers color-coded by a green-red scale on the quiz's map according to % correct below.
 
Answer Stats
Answer % Correct
Abkhazia
77%
Tbilisi
66%
Ajaria
51%
Guria
37%
Kakheti
36%
Imereti
34%
Racha-Lechkhumi and Kvemo Svaneti
34%
Samegrelo-Zemo Svaneti
32%
Mtskheta-Mtianeti
29%
Kvemo Kartli
27%
Samtskhe-Javakheti
26%
Shida Kartli
23%
No matching quizzes found
Score Distribution
Percent of People with Each Score
Percentile by Number Answered
Your Score History
You have not taken this quiz